| 000 | 00708cab a2200277 4500 | ||
|---|---|---|---|
| 001 | WB2920-37 | ||
| 008 | 090401t1993 xxu||||| |||| 00| 0 eng d | ||
| 035 | _a(Sirsi) u38223 | ||
| 041 | _aeng | ||
| 245 | _aArgentina | ||
| 260 | _c1993 | ||
| 350 | _a0 | ||
| 490 |
_aFinancial Times _v27 May 1993, 35-40(6) |
||
| 520 | _aA Financial Times Survey concentrating on the privatisation of Argentina`s economy. | ||
| 650 | _aAGRICULTURE | ||
| 650 | _aARGENTINA | ||
| 650 | _aBUENOS AIRES | ||
| 650 |
_aENERGY _96237 |
||
| 650 | _aFALKLAND ISLANDS | ||
| 650 | _aFINANCE | ||
| 650 | _aINDUSTRY | ||
| 650 | _aPOLITICS | ||
| 690 | _aOVERSEAS-REST OF THE WORLD | ||
| 942 | _n0 | ||
| 948 | _c04/03/1997 | ||
| 999 |
_c24560 _d24560 |
||